| 000 | 00687nam a2200241Ia 4500 | ||
|---|---|---|---|
| 003 | OSt | ||
| 005 | 20220926005912.0 | ||
| 006 | a|||||r|||| 00| 0 | ||
| 007 | ta | ||
| 008 | 220923b |||||||| |||| 00| 0 eng d | ||
| 037 | _cGeneral Book | ||
| 040 |
_aRTL _cRTL _beng |
||
| 041 |
_2eng _aeng |
||
| 082 | _aY31.2.N6, K5 | ||
| 110 |
_aUnited States Information Service (New Delhi) _9311327 |
||
| 245 | 0 | _aVillage-the people | |
| 260 |
_a New Delhi _bThe Author _c1965 |
||
| 300 |
_a96p _ccm. |
||
| 650 | _aRural Sociology | ||
| 700 |
_aUnited States Information Service (New Delhi) _9311328 |
||
| 942 |
_hY31.2.N6, K5 _cGB _2CC |
||
| 999 |
_c615692 _d615692 |
||